Clubs de football commençant par G - Statistiques

Statistiques générales
  • Ce quiz a été pris 406 fois
  • Le résultat moyen est 9 sur 16
Statistiques - réponses
Par images Réponse % Correct
Galatasaray S.K.
97%
Girondins de Bordeaux
94%
Grenoble Foot 38
88%
Genoa
87%
Genk
81%
Girona FC
79%
Grenade CF
78%
Gazélec Ajaccio
69%
Grêmio
63%
Groningen
35%
Göteborg
33%
Guadalajara
27%
Guangzhou FC
27%
Gil Vicente
16%
Gaziantep FK
11%
Göztepe SK
11%
Aucun quiz correspondant
Distribution des résultats
% des personnes avec chaque résultat
Percentile par nombre de réponses
Votre historique - résultats
Vous n’avez pas pris ce quiz